| 000 | 00637nam a2200217 4500 | ||
|---|---|---|---|
| 001 | 32293 | ||
| 003 | AR-RoBPED | ||
| 005 | 20251126154831.0 | ||
| 008 | 251120s2009 es ||||er|||| 000 1 spa d | ||
| 020 | _a9788420423593 | ||
| 040 | _aAR-RoBPED | ||
| 041 | _aspa | ||
| 100 | 1 |
_aRivera Letelier, Hernán _d1950- _927818 |
|
| 245 | 1 | 3 |
_aLa contadora de películas / _cHernán Rivera Letelier. |
| 260 |
_aEspaña : _bAlfaguara, _c2009. |
||
| 300 | _a127 p. | ||
| 650 | 4 |
_aLITERATURA CHILENA _9297 |
|
| 650 | 4 |
_aNOVELAS _925 |
|
| 942 |
_2udc _ak. 32293 _cBK _h860(83)-31 _mRL 68c _ninv. 41872 |
||
| 945 | _amm 20/11/2025 - cd 26/11/2025 | ||
| 999 |
_c32293 _d32293 |
||